|
|
|
|
| LEADER |
01417nam a2200337 a 4500 |
| 001 |
14959475 |
| 003 |
BD-DhAAL |
| 005 |
20250629121014.0 |
| 008 |
091112s2008 caua b 001 0 eng d |
| 010 |
|
|
|a 2007934937
|
| 020 |
|
|
|a 9781412903165 (hbk.)
|
| 020 |
|
|
|a 1412903165 (hbk.)
|
| 020 |
|
|
|a 1412903173 (pbk.)
|
| 020 |
|
|
|a 9781412903172 (pbk.)
|
| 040 |
|
|
|a UKM
|c UKM
|d YDXCP
|d BTCTA
|d BAKER
|d BWKUK
|d NLGGC
|d DLC
|d BD-DhAAL
|
| 082 |
0 |
4 |
|a 650.072
|2 22
|
| 100 |
1 |
|
|a Eriksson, Päivi.
|9 58578
|
| 245 |
1 |
0 |
|a Qualitative methods in business research /
|c Päivi Eriksson and Anne Kovalainen.
|
| 260 |
|
|
|a Los Angeles ;
|a London :
|b SAGE,
|c 2008.
|
| 300 |
|
|
|a xii, 337 pages :
|b illustrations ;
|c 25 cm.
|
| 490 |
0 |
|
|a Introducing qualitative methods
|
| 504 |
|
|
|a Includes bibliographical references (p. 311-328) and indexes.
|
| 526 |
|
|
|a BBS
|x Requisitioned by Faculties of BBS
Course name and no : N/A
|
| 541 |
1 |
|
|a Karim International
|e 00019544
|
| 650 |
|
0 |
|a Business
|x Research.
|
| 650 |
|
0 |
|a Qualitative research.
|
| 700 |
1 |
|
|a Kovalainen, Anne.
|9 58579
|
| 852 |
4 |
|
|a Ayesha Abed Library
|j General Shelf.
|
| 942 |
|
|
|2 ddc
|c BK
|
| 999 |
|
|
|c 5477
|d 5477
|
| 952 |
|
|
|0 0
|1 0
|2 ddc
|4 0
|6 650_072000000000000_ERI
|7 0
|9 5350
|a BRACUL
|b BRACUL
|c GEN
|d 2009-11-10
|e Karim International
|g 2217.00
|l 5
|m 6
|o 650.072 ERI
|p 3010019544
|r 2023-05-29
|s 2023-05-14
|t 1
|w 2009-11-15
|y BK
|x Requisitioned by Faculties of BBS. Course name and no. "not available"
|